LBJ : (Record no. 145894)

MARC details
000 -LEADER
fixed length control field 00791nam a2200265 i 4500
001 - CONTROL NUMBER
control field C2-0225154
003 - CONTROL NUMBER IDENTIFIER
control field PPAK
005 - DATE AND TIME OF LATEST TRANSACTION
control field 20180728153437.0
008 - FIXED-LENGTH DATA ELEMENTS--GENERAL INFORMATION
fixed length control field 000524s1999 nyu |||| ||||| | eng d
020 ## - INTERNATIONAL STANDARD BOOK NUMBER
International Standard Book Number 0471176028
040 ## - CATALOGING SOURCE
Original cataloging agency PPAK
Language of cataloging eng
Transcribing agency PPAK
Description conventions rda
082 04 - DEWEY DECIMAL CLASSIFICATION NUMBER
Classification number 973.923092
Edition number 23
090 00 - LOCALLY ASSIGNED LC-TYPE CALL NUMBER (OCLC); LOCAL CALL NUMBER (RLIN)
Classification number (OCLC) (R) ; Classification number, CALL (RLIN) (NR) 973.923092
Feature heading UNG
Feature heading R
100 1# - MAIN ENTRY--PERSONAL NAME
Personal name Unger, Irwin,
Relator term author
245 10 - TITLE STATEMENT
Title LBJ :
Remainder of title a life
264 #1 - PRODUCTION, PUBLICATION, DISTRIBUTION, MANUFACTURE, AND COPYRIGHT NOTICE
Place of production, publication, distribution, manufacture New York :
Name of producer, publisher, distributor, manufacturer John Wiley & Sons, Inc. ,
Date of production, publication, distribution, manufacture, or copyright notice 1999
300 ## - PHYSICAL DESCRIPTION
Extent v, 586 pages ;
Dimensions 24 cm
336 ## - CONTENT TYPE
Source rdacontent
Content type term text
337 ## - MEDIA TYPE
Source rdamedia
Media type term unmediated
338 ## - CARRIER TYPE
Source rdacarrier
Carrier type term volume
500 ## - GENERAL NOTE
General note Includes bibliographical references and index
650 10 - SUBJECT ADDED ENTRY--TOPICAL TERM
Topical term or geographic name entry element Johnson, Lyndon B. (lyndon Baines), 1908-1973 ; Presidents-United States-Biography
700 ## - ADDED ENTRY--PERSONAL NAME
Relator term author
942 ## - ADDED ENTRY ELEMENTS (KOHA)
-- dc
Koha item type Book
Holdings
Withdrawn Not for loan Current library Shelving location Date acquired Full call number Barcode Date last seen Koha item type
  Not For Loan Perpustakaan Alor Setar Rujukan Dewasa 24/09/2000 R 973.923092 UNG A00942610 31/05/2018 Book
  Not For Loan Perpustakaan Awam Sungai Petani Rujukan Dewasa 24/09/2000 R 973.923092 UNG A00942612 31/05/2018 Book
  Not For Loan Perpustakaan Baling Rujukan Dewasa 24/09/2000 R 973.923092 UNG A00942611 31/05/2018 Book
  Not For Loan Perpustakaan Jitra Rujukan Dewasa 24/09/2000 R 973.923092 UNG A00942613 31/05/2018 Book